Perspektiven der Gewaltforschung
| Main Author: | |
|---|---|
| Format: | Print Article |
| Language: | German |
| Published: |
2017
|
| In: |
Antun und erleiden
Year: 2017, Volume: 26, Issue: 3, Pages: 4-27 |
| Availability in Tübingen: | Present in Tübingen. IFK: In: C I 64 |
| Check availability: | HBZ Gateway |
| Keywords: |
MARC
| LEADER | 00000naa a2200000 c 4500 | ||
|---|---|---|---|
| 001 | 1565390393 | ||
| 003 | DE-627 | ||
| 005 | 20171115161205.0 | ||
| 007 | tu | ||
| 008 | 171115s2017 xx ||||| 00| ||ger c | ||
| 020 | |a 9783868547429 | ||
| 035 | |a (DE-627)1565390393 | ||
| 035 | |a (DE-576)495390399 | ||
| 035 | |a (DE-599)BSZ495390399 | ||
| 040 | |a DE-627 |b ger |c DE-627 |e rda | ||
| 041 | |a ger | ||
| 100 | 1 | |a Knöbl, Wolfgang |d 1963- |e VerfasserIn |0 (DE-588)118112295 |0 (DE-627)079250009 |0 (DE-576)172087708 |4 aut | |
| 109 | |a Knöbl, Wolfgang 1963- | ||
| 245 | 1 | 0 | |a Perspektiven der Gewaltforschung |c Wolfgang Knöbl |
| 264 | 1 | |c 2017 | |
| 336 | |a Text |b txt |2 rdacontent | ||
| 337 | |a ohne Hilfsmittel zu benutzen |b n |2 rdamedia | ||
| 338 | |a Band |b nc |2 rdacarrier | ||
| 773 | 0 | 8 | |i Enthalten in |t Antun und erleiden |d Hamburg : Hamburger Edition HIS Verlagsges. mbH, 2017 |g 26(2017), 3, Seite 4-27 |h 113 Seiten |w (DE-627)89061945X |w (DE-576)495389692 |z 9783868547429 |7 nnam |
| 773 | 1 | 8 | |g volume:26 |g year:2017 |g number:3 |g pages:4-27 |
| 951 | |a AR | ||
| ELC | |b 1 | ||
| LOK | |0 000 xxxxxcx a22 zn 4500 | ||
| LOK | |0 001 2987262299 | ||
| LOK | |0 003 DE-627 | ||
| LOK | |0 004 1565390393 | ||
| LOK | |0 005 20171115161324 | ||
| LOK | |0 008 171115||||||||||||||||ger||||||| | ||
| LOK | |0 040 |a DE-21-110 |c DE-627 |d DE-21-110 | ||
| LOK | |0 689 |a s |a Gewaltforschung | ||
| LOK | |0 689 |a s |a Gewaltbegriff | ||
| LOK | |0 689 |a s |a Gewalträume | ||
| LOK | |0 689 |a s |a Strukturelle Gewalt | ||
| LOK | |0 852 |a DE-21-110 | ||
| LOK | |0 852 1 |c In: C I 64 |m p |9 00 | ||
| LOK | |0 938 |k p | ||
| LOK | |0 939 |a 15-11-17 |b l01 | ||
| ORI | |a SA-MARC-krimdoka001.raw | ||
| SIG | |a IFK: In: C I 64 | ||
